| 000 | 01214nam a2200385 a 4500 | ||
|---|---|---|---|
| 001 | 20400 | ||
| 003 | VRT | ||
| 005 | 20260122112232.0 | ||
| 008 | 961209q1995 xo p 000 d slo c | ||
| 020 | _a8088834228 (brož.) | ||
| 035 | _aUKB000210394 | ||
| 040 |
_aBAA001 _bslo _cBAA001 _eAACR2 |
||
| 041 | 1 |
_aslo _heng |
|
| 044 |
_axo _cSK |
||
| 080 | _a820-21 | ||
| 100 | 1 |
_aShakespeare, William, _d1564-1616 |
|
| 243 | 1 | 0 | _aRenesančná dráma |
| 245 | 0 | 0 |
_aRomeo a Júlia _cWilliam Shakespeare ; [prel. Zora Jesenská] |
| 260 |
_aRohovce _bInterpopulart Slovakia _c[1995] |
||
| 300 | _a81 s | ||
| 490 | 1 |
_aPopulart. Študentská knižnica _v23 |
|
| 500 | _aRenesančná dráma | ||
| 504 | _aBibliogr. s. 81 | ||
| 650 | 0 | 7 | _aliteratúra anglická renesančná |
| 650 | 0 | 7 | _atragédie |
| 653 | _a820-21 | ||
| 700 | 1 |
_aJesenská, Zora, _d1909-1972 _4trl |
|
| 760 | 1 | _tPopulart. Študentská knižnica | |
| 830 | 0 |
_aPopulart. Študentská knižnica _v23 |
|
| 910 | _aukb | ||
| 942 |
_2ddc _cKLDO _n0 |
||
| 949 |
_61800009232 _a30.D.66675 _bPV.5665-96 _q25.11.2015 popísaná, _r25.11.2015 popísaná, |
||
| 949 |
_61800009231 _aSL.D.24698 _bPV.5666-96 |
||
| 949 |
_61800065031 _a30.D.66675 _bNA.233-99 |
||
| 999 |
_c20400 _d20400 |
||